000 00733nam a2200169 a 4500
008 120416s1978 ||||||||||||||||| || u
050 _aHF 5686.C8 Bat
100 _aBatty, Joseph
245 1 0 _aAdvanced cost accountancy. (2nd ed.)
250 _a2nd ed.
260 _aEstover, Plymouth
_bMacDonald & Evans
_c1978
350 _a0.00
650 0 _aACCOUNTING--HANDBOOKS, MANUALS, ETC
650 0 _aCOST ACCOUNTING
995 _aMAIN LIBRARY OPEN ACCESS
_D0.00
_e700670
_FCBU-MAIN LIBRARY (Kitwe)
_H1
_I7.95
_jHF 5686.C8 Bat
_M1
_UAVAILABLE
_y023567
_ZMain Library Open Access Collection
995 _aTEXTBOOKS (SB)
_D0.00
_e01270
_FCBU-SCHOOL TEXTBOOK COLLECTIONS
_H1
_I0.00
_jSCHOOL TEXTBOOK
_M5
_UAVAILABLE
_WSep 16, 2009
_y01270
_ZSchool Collections
999 _c83695
_d83695